Last Country to Do it - Statistics

General Stats
  • This quiz has been taken 16 times
  • The average score is 9 of 20
Answer Stats
Hint Year Answer % Correct
to host Summer Olympics 2024 France
83%
to become independent 2011 South Sudan
75%
its leader to be executed 2006 Iraq
67%
to give women vote right 2015 Saudi Arabia
67%
to be homeplace for current Pope 2025 United States
67%
to declare independence from the Soviet Union 1991 Kazakhstan
58%
to overthrow their monarchy 2006 Nepal
58%
to get the nuclear power 2006 North Korea
58%
to abandon the monarchy in Americas (excluding the Commonwealth) 1889 Brazil
50%
to be occupied by Germany during WWII 1944 Hungary
50%
to abolish slavery 1981 Mauritania
50%
to accept Euro as an official currency 2023 Croatia
42%
European country to stay communist 1992 Yugoslavia
42%
to move its capital 2019 Burundi
25%
to join ASEAN 2025 East Timor
25%
to legalize LGBT marriages 2025 Liechtenstein
25%
to get their monarch ascend the throne 2025 Luxembourg
25%
to conclude a peace treaty with Japan 2006 Montenegro
17%
to be classified as a high-income economy 2025 Costa Rica
8%
to get higher GDP (PPP) per capita than USA 2024 Guyana
0%
No matching quizzes found
Score Distribution
Percent of People with Each Score
Percentile by Number Answered
Your Score History
You have not taken this quiz